[Event "alberic"]
[Site "C/Calderon de la Barca"]
[Date "2017.07.01"]
[Round "2.1"]
[White "Plaskett, H James"]
[Black "Reig Albero, Ferran"]
[Result "1-0"]
[WhiteElo "2463"]
[BlackElo "1957"]
[PlyCount "39"]
[EventDate "2017.??.??"]

1. Nc3 {[%clk 0:07:03]} 1... Nf6 {[%clk 0:07:03]} 2. d4 {[%clk 0:07:03]} 2...
d5 {[%clk 0:06:57]} 3. Bg5 {[%clk 0:07:04]} 3... e6 {[%clk 0:06:57]} 4. e4 {
[%clk 0:07:01]} 4... dxe4 {[%clk 0:06:54]} 5. Nxe4 {[%clk 0:07:02]} 5... Nbd7 {
[%clk 0:06:50]} 6. Nf3 {[%clk 0:07:02]} 6... Be7 {[%clk 0:06:49]} 7. Nxf6+ {
[%clk 0:07:00]} 7... Nxf6 {[%clk 0:06:49]} 8. Bd3 {[%clk 0:06:59]} 8... O-O {
[%clk 0:06:48]} 9. Qe2 {[%clk 0:07:00]} 9... c5 {[%clk 0:06:42]} 10. O-O-O {
[%clk 0:06:49]} 10... cxd4 {[%clk 0:06:23]} 11. h4 {[%clk 0:06:48]} 11... Bd7 {
[%clk 0:05:54]} 12. Kb1 {[%clk 0:06:44]} 12... Qb6 {[%clk 0:05:44]} 13. Ne5 {
[%clk 0:05:51]} 13... Rad8 {[%clk 0:05:24]} 14. Rh3 {[%clk 0:05:35]} 14... Rfe8
{[%clk 0:04:25]} 15. Rg3 {[%clk 0:05:21]} 15... Nd5 {[%clk 0:04:06]} 16. Bxh7+
{[%clk 0:05:18]} 16... Kxh7 {[%clk 0:03:10]} 17. Qh5+ {[%clk 0:05:20]} 17...
Kg8 {[%clk 0:03:11]} 18. Qxf7+ {[%clk 0:05:22]} 18... Kh7 {[%clk 0:03:13]} 19.
Bh6 {[%clk 0:04:53]} 19... Rf8 20. Qf4 1-0

[Event "alberic"]
[Site "C/Calderon de la Barca"]
[Date "2017.07.01"]
[Round "2.2"]
[White "Martinez Escandell, Alfonso"]
[Black "Cruz Lledo, Pablo"]
[Result "1/2-1/2"]
[WhiteElo "1942"]
[BlackElo "2445"]
[PlyCount "174"]
[EventDate "2017.??.??"]

1. e4 {[%clk 0:07:04]} 1... c6 {[%clk 0:07:05]} 2. d4 {[%clk 0:07:05]} 2... d5
{[%clk 0:07:08]} 3. Nc3 {[%clk 0:07:07]} 3... dxe4 {[%clk 0:07:09]} 4. Nxe4 {
[%clk 0:07:09]} 4... Nf6 {[%clk 0:07:11]} 5. Nxf6+ {[%clk 0:07:08]} 5... gxf6 {
[%clk 0:07:12]} 6. Nf3 {[%clk 0:07:09]} 6... Bg4 {[%clk 0:07:14]} 7. Be2 {
[%clk 0:07:11]} 7... e6 {[%clk 0:07:15]} 8. Bf4 {[%clk 0:07:11]} 8... Bd6 {
[%clk 0:07:02]} 9. Qd2 {[%clk 0:06:39]} 9... Qc7 {[%clk 0:06:59]} 10. Bxd6 {
[%clk 0:06:40]} 10... Qxd6 {[%clk 0:07:00]} 11. h3 {[%clk 0:06:39]} 11... Bxf3
{[%clk 0:06:55]} 12. Bxf3 {[%clk 0:06:41]} 12... Nd7 {[%clk 0:06:57]} 13. O-O-O
{[%clk 0:06:42]} 13... O-O-O {[%clk 0:06:57]} 14. Kb1 {[%clk 0:06:40]} 14... f5
{[%clk 0:06:56]} 15. g3 {[%clk 0:05:59]} 15... Nb6 {[%clk 0:06:57]} 16. Qa5 {
[%clk 0:05:51]} 16... Kb8 {[%clk 0:06:56]} 17. Qe5 {[%clk 0:05:51]} 17... Qxe5
{[%clk 0:06:54]} 18. dxe5 {[%clk 0:05:53]} 18... Nc4 {[%clk 0:06:54]} 19. Bh5 {
[%clk 0:04:59]} 19... Nxe5 {[%clk 0:06:53]} 20. Rhe1 {[%clk 0:04:32]} 20... Ng6
{[%clk 0:06:53]} 21. c3 {[%clk 0:03:37]} 21... Kc7 {[%clk 0:06:41]} 22. Kc2 {
[%clk 0:03:37]} 22... Rxd1 {[%clk 0:06:03]} 23. Kxd1 {[%clk 0:03:35]} 23... Kd7
{[%clk 0:06:03]} 24. Kd2 {[%clk 0:03:36]} 24... Ke7 {[%clk 0:06:00]} 25. c4 {
[%clk 0:03:24]} 25... Nf8 {[%clk 0:05:42]} 26. Kc3 {[%clk 0:03:13]} 26... Nd7 {
[%clk 0:05:43]} 27. b4 {[%clk 0:02:59]} 27... c5 {[%clk 0:04:59]} 28. a3 {
[%clk 0:02:41]} 28... b6 {[%clk 0:04:45]} 29. Rd1 {[%clk 0:02:42]} 29... Rc8 {
[%clk 0:04:18]} 30. Bxf7 {[%clk 0:02:38]} 30... Ne5 {[%clk 0:04:12]} 31. Bh5 {
[%clk 0:02:17]} 31... cxb4+ {[%clk 0:04:08]} 32. axb4 {[%clk 0:02:18]} 32...
Nxc4 {[%clk 0:03:58]} 33. Kb3 {[%clk 0:02:19]} 33... Nd6 {[%clk 0:03:44]} 34.
g4 {[%clk 0:02:02]} 34... f4 {[%clk 0:03:33]} 35. Re1 {[%clk 0:01:46]} 35...
Kf6 {[%clk 0:03:10]} 36. h4 {[%clk 0:01:43]} 36... h6 {[%clk 0:03:04]} 37. f3 {
[%clk 0:01:12]} 37... Nb5 {[%clk 0:02:59]} 38. Re4 {[%clk 0:01:09]} 38... Rc3+
{[%clk 0:02:27]} 39. Kb2 {[%clk 0:01:08]} 39... Re3 {[%clk 0:01:52]} 40. Rxf4+
{[%clk 0:01:09]} 40... Ke5 {[%clk 0:01:55]} 41. Rf8 {[%clk 0:00:50]} 41... Nc7
{[%clk 0:01:34]} 42. g5 {[%clk 0:00:50]} 42... hxg5 {[%clk 0:01:32]} 43. hxg5 {
[%clk 0:00:52]} 43... Nd5 {[%clk 0:01:27]} 44. g6 {[%clk 0:00:44]} 44... Re2+ {
[%clk 0:01:27]} 45. Kc1 {[%clk 0:00:44]} 45... Rg2 {[%clk 0:01:29]} 46. Bg4 {
[%clk 0:00:33]} 46... Rg1+ {[%clk 0:01:18]} 47. Kd2 {[%clk 0:00:33]} 47... Rg2+
{[%clk 0:01:18]} 48. Ke1 {[%clk 0:00:34]} 48... Ne3 {[%clk 0:00:20]} 49. g7 {
[%clk 0:00:33]} 49... Nc2+ {[%clk 0:00:21]} 50. Kd1 {[%clk 0:00:27]} 50... Kd4
{[%clk 0:00:11]} 51. g8=Q {[%clk 0:00:18]} 51... Ne3+ {[%clk 0:00:13]} 52. Kc1
{[%clk 0:00:19]} 52... Kc3 {[%clk 0:00:09]} 53. Rc8+ {[%clk 0:00:15]} 53... Kd3
{[%clk 0:00:06]} 54. Bf5+ {[%clk 0:00:06]} 54... exf5 {[%clk 0:00:07]} 55. Qxg2
{[%clk 0:00:08]} 55... Nxg2 {[%clk 0:00:09]} 56. Rc7 {[%clk 0:00:10]} 56... a5
{[%clk 0:00:10]} 57. b5 Nf4 {[%clk 0:00:08]} 58. Rc6 {[%clk 0:00:13]} 58... Nd5
{[%clk 0:00:10]} 59. Rd6 {[%clk 0:00:13]} 59... Kc4 {[%clk 0:00:12]} 60. Kd2 {
[%clk 0:00:09]} 60... Kc5 {[%clk 0:00:12]} 61. Rd8 {[%clk 0:00:10]} 61... a4 {
[%clk 0:00:07]} 62. Kc2 {[%clk 0:00:12]} 62... Kc4 {[%clk 0:00:04]} 63. Kb2 {
[%clk 0:00:12]} 63... Nf4 {[%clk 0:00:04]} 64. Rf8 {[%clk 0:00:09]} 64... Nd3+
{[%clk 0:00:06]} 65. Ka3 {[%clk 0:00:08]} 65... Kxb5 {[%clk 0:00:07]} 66. Rxf5+
{[%clk 0:00:10]} 66... Nc5 {[%clk 0:00:06]} 67. Rh5 {[%clk 0:00:08]} 67... Kc4
{[%clk 0:00:08]} 68. f4 {[%clk 0:00:09]} 68... b5 {[%clk 0:00:10]} 69. f5 {
[%clk 0:00:11]} 69... b4+ {[%clk 0:00:13]} 70. Kb2 {[%clk 0:00:13]} 70... Nd3+
{[%clk 0:00:08]} 71. Ka2 {[%clk 0:00:14]} 71... Ne5 {[%clk 0:00:05]} 72. f6 {
[%clk 0:00:16]} 72... Nf7 {[%clk 0:00:05]} 73. Rh7 {[%clk 0:00:18]} 73... Ng5 {
[%clk 0:00:06]} 74. Rg7 {[%clk 0:00:19]} 74... Ne6 {[%clk 0:00:07]} 75. f7 {
[%clk 0:00:21]} 75... b3+ {[%clk 0:00:10]} 76. Ka3 {[%clk 0:00:23]} 76... Kc3 {
[%clk 0:00:11]} 77. Rg3+ {[%clk 0:00:23]} 77... Kc2 {[%clk 0:00:13]} 78. Rf3 {
[%clk 0:00:24]} 78... Nf8 {[%clk 0:00:15]} 79. Rf2+ {[%clk 0:00:26]} 79... Kc3
{[%clk 0:00:17]} 80. Kxa4 b2 {[%clk 0:00:19]} 81. Rf1 {[%clk 0:00:27]} 81...
Kc2 {[%clk 0:00:21]} 82. Rf2+ {[%clk 0:00:29]} 82... Kc3 {[%clk 0:00:24]} 83.
Rxb2 {[%clk 0:00:24]} 83... Kxb2 {[%clk 0:00:26]} 84. Kb5 {[%clk 0:00:26]}
84... Kc3 {[%clk 0:00:21]} 85. Kc5 {[%clk 0:00:29]} 85... Kd3 {[%clk 0:00:22]}
86. Kd6 {[%clk 0:00:31]} 86... Ke4 {[%clk 0:00:24]} 87. Ke7 {[%clk 0:00:33]}
87... Nh7 {[%clk 0:00:26]} 1/2-1/2

[Event "alberic"]
[Site "C/Calderon de la Barca"]
[Date "2017.07.01"]
[Round "2.3"]
[White "Fenollar Jorda, Manuel"]
[Black "Costa Grau, Adrian"]
[Result "1-0"]
[WhiteElo "2335"]
[BlackElo "1929"]
[PlyCount "53"]
[EventDate "2017.??.??"]

1. d4 {[%clk 0:07:05]} 1... f5 {[%clk 0:07:04]} 2. Nf3 {[%clk 0:07:04]} 2...
Nf6 {[%clk 0:07:06]} 3. Bg5 {[%clk 0:07:03]} 3... e6 {[%clk 0:06:52]} 4. Nbd2 {
[%clk 0:06:55]} 4... d5 {[%clk 0:06:50]} 5. e3 {[%clk 0:06:48]} 5... Be7 {
[%clk 0:06:47]} 6. Bd3 {[%clk 0:06:24]} 6... O-O {[%clk 0:06:45]} 7. O-O {
[%clk 0:06:25]} 7... Nbd7 {[%clk 0:06:05]} 8. c4 {[%clk 0:06:10]} 8... c6 {
[%clk 0:06:00]} 9. Ne5 {[%clk 0:04:28]} 9... Ne4 {[%clk 0:05:35]} 10. Bxe7 {
[%clk 0:04:25]} 10... Qxe7 {[%clk 0:05:36]} 11. Nxd7 {[%clk 0:03:48]} 11...
Bxd7 {[%clk 0:05:32]} 12. Nf3 {[%clk 0:03:44]} 12... Be8 {[%clk 0:05:29]} 13.
Ne5 {[%clk 0:03:25]} 13... a6 {[%clk 0:03:39]} 14. Qc2 {[%clk 0:02:22]} 14...
Bf7 {[%clk 0:03:20]} 15. Rab1 {[%clk 0:02:21]} 15... Rac8 {[%clk 0:03:15]} 16.
c5 {[%clk 0:02:13]} 16... Bh5 {[%clk 0:02:43]} 17. b4 {[%clk 0:02:11]} 17... f4
{[%clk 0:02:41]} 18. Bxe4 {[%clk 0:01:53]} 18... dxe4 {[%clk 0:02:42]} 19. Qxe4
{[%clk 0:01:52]} 19... f3 {[%clk 0:02:41]} 20. gxf3 {[%clk 0:01:29]} 20... Rf5
{[%clk 0:02:02]} 21. Kh1 {[%clk 0:00:58]} 21... Rcf8 {[%clk 0:02:04]} 22. f4 {
[%clk 0:01:00]} 22... Qh4 {[%clk 0:01:57]} 23. Rg1 {[%clk 0:00:48]} 23... Qxf2
{[%clk 0:01:16]} 24. Rg2 {[%clk 0:00:47]} 24... Qh4 {[%clk 0:00:59]} 25. Rbg1 {
[%clk 0:00:48]} 25... g6 {[%clk 0:00:53]} 26. Ng4 {[%clk 0:00:39]} 26... Bxg4 {
[%clk 0:00:24]} 27. Qxe6+ {[%clk 0:00:35]  R5f6  [%clk 0:00:23]} 1-0

[Event "alberic"]
[Site "C/Calderon de la Barca"]
[Date "2017.07.01"]
[Round "2.4"]
[White "Bru Company, Francesc E"]
[Black "Garcia, Jhoel"]
[Result "0-1"]
[WhiteElo "1925"]
[BlackElo "2331"]
[PlyCount "60"]
[EventDate "2017.??.??"]

1. d4 {[%clk 0:07:03]} 1... Nf6 {[%clk 0:07:04]} 2. Nf3 {[%clk 0:07:03]} 2...
g6 {[%clk 0:07:05]} 3. g3 {[%clk 0:07:04]} 3... Bg7 {[%clk 0:07:06]} 4. Bg2 {
[%clk 0:07:06]} 4... O-O {[%clk 0:07:06]} 5. O-O {[%clk 0:07:08]} 5... d6 {
[%clk 0:07:02]} 6. c4 {[%clk 0:07:02]} 6... c6 {[%clk 0:06:42]} 7. Nc3 {
[%clk 0:07:02]} 7... Nbd7 {[%clk 0:06:44]} 8. e4 {[%clk 0:06:39]} 8... e5 {
[%clk 0:06:46]} 9. d5 {[%clk 0:06:30]} 9... Nc5 {[%clk 0:06:47]} 10. Qc2 {
[%clk 0:06:27]} 10... a5 {[%clk 0:06:45]} 11. Be3 {[%clk 0:06:20]} 11... Qc7 {
[%clk 0:06:35]} 12. Bxc5 {[%clk 0:05:57]} 12... dxc5 {[%clk 0:06:37]} 13. Rac1
{[%clk 0:05:47]} 13... Ne8 {[%clk 0:06:29]} 14. dxc6 {[%clk 0:05:07]} 14...
bxc6 {[%clk 0:06:27]} 15. Na4 {[%clk 0:04:47]} 15... Qa7 {[%clk 0:05:16]} 16.
h3 {[%clk 0:04:01]} 16... Nc7 {[%clk 0:05:14]} 17. Nd2 {[%clk 0:03:16]} 17...
Ne6 {[%clk 0:05:16]} 18. Nb3 {[%clk 0:03:07]} 18... Nd4 {[%clk 0:04:41]} 19.
Qd3 {[%clk 0:02:55]} 19... f5 {[%clk 0:03:06]} 20. Naxc5 {[%clk 0:02:46]} 20...
f4 {[%clk 0:02:55]} 21. Nxd4 {[%clk 0:01:58]} 21... Qxc5 {[%clk 0:02:49]} 22.
Nb3 {[%clk 0:01:31]} 22... Qa7 {[%clk 0:02:50]} 23. Kh2 {[%clk 0:00:35]} 23...
a4 {[%clk 0:02:25]} 24. Nd2 {[%clk 0:00:32]} 24... Be6 {[%clk 0:02:27]} 25. b3
{[%clk 0:00:31]} 25... Bh6 {[%clk 0:01:53]} 26. Rcd1 {[%clk 0:00:15]} 26...
Rad8 {[%clk 0:01:53]} 27. Qc3 {[%clk 0:00:16]} 27... fxg3+ {[%clk 0:01:50]} 28.
fxg3 {[%clk 0:00:17]} 28... Rxf1 {[%clk 0:01:52]} 29. Rxf1 {[%clk 0:00:19]}
29... Bxd2 {[%clk 0:01:27]} 30. Qxe5 {[%clk 0:00:20]} 30... Bf7 {[%clk 0:01:24]
} 0-1

[Event "alberic"]
[Site "C/Calderon de la Barca"]
[Date "2017.07.01"]
[Round "2.5"]
[White "Kovacevic, Slobodan"]
[Black "Martinez Gil, Joaquin"]
[Result "1-0"]
[WhiteElo "2304"]
[BlackElo "1925"]
[PlyCount "45"]
[EventDate "2017.??.??"]

1. d4 {[%clk 0:07:05]} 1... Nf6 {[%clk 0:07:04]} 2. Nf3 {[%clk 0:07:07]} 2...
g6 {[%clk 0:07:05]} 3. Bg5 {[%clk 0:07:08]} 3... Bg7 {[%clk 0:07:06]} 4. Nbd2 {
[%clk 0:07:10]} 4... O-O {[%clk 0:07:06]} 5. c3 {[%clk 0:07:11]} 5... d6 {
[%clk 0:07:08]} 6. e4 {[%clk 0:07:13]} 6... b6 {[%clk 0:07:01]} 7. Bd3 {
[%clk 0:07:13]} 7... Bb7 {[%clk 0:07:02]} 8. O-O {[%clk 0:07:14]} 8... Nbd7 {
[%clk 0:07:04]} 9. Re1 {[%clk 0:07:16]} 9... c5 {[%clk 0:06:58]} 10. d5 {
[%clk 0:07:17]} 10... a6 {[%clk 0:06:27]} 11. a4 {[%clk 0:07:18]} 11... e5 {
[%clk 0:06:03]} 12. dxe6 {[%clk 0:06:48]} 12... fxe6 {[%clk 0:06:04]} 13. Qb3 {
[%clk 0:06:28]} 13... Re8 {[%clk 0:05:16]} 14. Rad1 {[%clk 0:06:21]} 14... Nf8
{[%clk 0:05:06]} 15. Bf1 {[%clk 0:05:57]} 15... Qc7 {[%clk 0:05:06]} 16. Bxf6 {
[%clk 0:05:43]} 16... Bxf6 {[%clk 0:05:06]} 17. Nc4 {[%clk 0:05:45]} 17... d5 {
[%clk 0:04:16]} 18. exd5 {[%clk 0:05:44]} 18... Bxd5 {[%clk 0:04:00]} 19. Qxb6
{[%clk 0:05:39]} 19... Qf4 {[%clk 0:03:39]} 20. Qd6 {[%clk 0:04:45]} 20... Qg4
{[%clk 0:03:09]} 21. Ne3 {[%clk 0:04:39]} 21... Qh5 {[%clk 0:02:56]} 22. Nxd5 {
[%clk 0:04:37]} 22... exd5 {[%clk 0:02:43]} 23. Qxf6 {[%clk 0:04:37]} 1-0

[Event "alberic"]
[Site "C/Calderon de la Barca"]
[Date "2017.07.01"]
[Round "2.6"]
[White "Carbonell Sancho, Marc"]
[Black "Cano Gimenez, Vicente"]
[Result "1-0"]
[WhiteElo "1921"]
[BlackElo "2285"]
[PlyCount "91"]
[EventDate "2017.??.??"]

1. e4 {[%clk 0:07:04]} 1... c5 {[%clk 0:07:05]} 2. Nf3 {[%clk 0:07:06]} 2...
Nc6 {[%clk 0:07:07]} 3. d4 {[%clk 0:07:08]} 3... cxd4 {[%clk 0:07:08]} 4. Nxd4
{[%clk 0:07:10]} 4... g6 {[%clk 0:07:10]} 5. c4 {[%clk 0:07:12]} 5... Nf6 {
[%clk 0:07:11]} 6. Nc3 {[%clk 0:07:14]} 6... d6 {[%clk 0:07:13]} 7. Be2 {
[%clk 0:07:14]} 7... Nxd4 {[%clk 0:07:14]} 8. Qxd4 {[%clk 0:07:15]} 8... Bg7 {
[%clk 0:07:16]} 9. Be3 {[%clk 0:07:13]} 9... O-O {[%clk 0:07:15]} 10. Qd2 {
[%clk 0:07:15]} 10... a5 {[%clk 0:07:16]} 11. O-O {[%clk 0:07:15]} 11... a4 {
[%clk 0:07:17]} 12. f3 {[%clk 0:07:08]} 12... Bd7 {[%clk 0:07:07]} 13. Rab1 {
[%clk 0:07:06]} 13... Bc6 {[%clk 0:07:01]} 14. Rfc1 {[%clk 0:06:00]} 14... Nd7
{[%clk 0:07:02]} 15. b4 {[%clk 0:05:58]} 15... axb3 {[%clk 0:06:58]} 16. axb3 {
[%clk 0:06:00]} 16... Nc5 {[%clk 0:06:17]} 17. b4 {[%clk 0:05:58]} 17... Na4 {
[%clk 0:06:19]} 18. Nd5 {[%clk 0:05:19]} 18... e6 {[%clk 0:06:00]} 19. b5 {
[%clk 0:04:47]} 19... exd5 {[%clk 0:05:30]} 20. bxc6 {[%clk 0:04:48]} 20...
bxc6 {[%clk 0:05:27]} 21. cxd5 {[%clk 0:04:34]} 21... cxd5 {[%clk 0:05:28]} 22.
exd5 {[%clk 0:04:07]} 22... Qf6 {[%clk 0:04:48]} 23. Bg5 {[%clk 0:02:44]} 23...
Qd4+ {[%clk 0:04:15]} 24. Qxd4 {[%clk 0:02:46]} 24... Bxd4+ {[%clk 0:04:16]}
25. Kf1 {[%clk 0:02:48]} 25... Nc3 {[%clk 0:03:57]} 26. Rb3 {[%clk 0:02:16]}
26... Nxe2 {[%clk 0:03:27]} 27. Kxe2 {[%clk 0:02:18]} 27... Ra2+ {
[%clk 0:03:29]} 28. Kd3 {[%clk 0:02:20]} 28... Bc5 {[%clk 0:01:25]} 29. Rc2 {
[%clk 0:02:22]} 29... Rxc2 30. Kxc2 {[%clk 0:02:24]} 30... Re8 {[%clk 0:01:28]}
31. Kd3 {[%clk 0:02:26]} 31... Kg7 {[%clk 0:01:30]} 32. h4 {[%clk 0:01:50]}
32... Re5 {[%clk 0:01:15]} 33. Kc4 {[%clk 0:01:51]} 33... Re2 {[%clk 0:01:16]}
34. g4 {[%clk 0:01:50]} 34... Rh2 {[%clk 0:01:08]} 35. Kb5 {[%clk 0:01:39]}
35... h6 {[%clk 0:01:09]} 36. Bd8 {[%clk 0:01:41]} 36... Rc2 {[%clk 0:00:59]}
37. Kc6 {[%clk 0:01:20]} 37... f5 {[%clk 0:01:00]} 38. Rb7+ {[%clk 0:01:18]}
38... Kg8 {[%clk 0:01:02]} 39. Kd7 {[%clk 0:01:15]} 39... fxg4 {[%clk 0:01:01]}
40. fxg4 {[%clk 0:01:17]} 40... Rc4 {[%clk 0:01:03]} 41. g5 {[%clk 0:01:01]}
41... Rxh4 {[%clk 0:00:48]} 42. gxh6 {[%clk 0:01:03]} 42... Rxh6 {
[%clk 0:00:49]} 43. Be7 {[%clk 0:00:48]} 43... Rh5 {[%clk 0:00:43]} 44. Ke6 {
[%clk 0:00:45]} 44... Re5+ {[%clk 0:00:42]} 45. Kf6 {[%clk 0:00:45]} 45... Rxd5
{[%clk 0:00:40]} 46. Kxg6 {[%clk 0:00:47]} 1-0

[Event "alberic"]
[Site "C/Calderon de la Barca"]
[Date "2017.07.01"]
[Round "3.1"]
[White "Carbonell Bofill, Carlos Eloy"]
[Black "Plaskett, H James"]
[Result "0-1"]
[WhiteElo "2125"]
[BlackElo "2463"]
[PlyCount "89"]
[EventDate "2017.??.??"]

1. d4 {[%clk 0:07:05]} 1... Nf6 {[%clk 0:07:05]} 2. Nf3 {[%clk 0:07:07]} 2...
c5 {[%clk 0:07:07]} 3. c3 {[%clk 0:07:08]} 3... b6 {[%clk 0:07:07]} 4. dxc5 {
[%clk 0:07:08]} 4... bxc5 {[%clk 0:07:09]} 5. e4 {[%clk 0:07:10]} 5... Bb7 {
[%clk 0:07:11]} 6. e5 {[%clk 0:07:01]} 6... Nd5 {[%clk 0:07:13]} 7. Bc4 {
[%clk 0:06:20]} 7... e6 {[%clk 0:07:10]} 8. Nbd2 {[%clk 0:05:41]} 8... Be7 {
[%clk 0:06:41]} 9. Ne4 {[%clk 0:05:41]} 9... Qc7 {[%clk 0:06:41]} 10. O-O {
[%clk 0:05:33]} 10... f5 {[%clk 0:05:27]} 11. exf6 {[%clk 0:04:34]} 11... gxf6
{[%clk 0:05:23]} 12. Re1 {[%clk 0:04:36]} 12... Kd8 {[%clk 0:04:58]} 13. g3 {
[%clk 0:03:55]} 13... Qc6 {[%clk 0:04:50]} 14. Bf1 {[%clk 0:03:47]} 14... Na6 {
[%clk 0:04:43]} 15. Bg2 {[%clk 0:03:48]} 15... Nac7 {[%clk 0:04:41]} 16. c4 {
[%clk 0:03:34]} 16... Nb6 {[%clk 0:04:38]} 17. b3 {[%clk 0:03:30]} 17... Rf8 {
[%clk 0:03:48]} 18. Bb2 {[%clk 0:03:08]} 18... Kc8 {[%clk 0:03:37]} 19. Bxf6 {
[%clk 0:02:03]} 19... Bxf6 {[%clk 0:03:09]} 20. Nd6+ {[%clk 0:02:05]} 20... Kb8
{[%clk 0:03:08]} 21. Nxb7 {[%clk 0:02:07]} 21... Qxb7 {[%clk 0:03:01]} 22. Nd4
{[%clk 0:01:49]} 22... Bxd4 {[%clk 0:02:56]} 23. Bxb7 {[%clk 0:01:49]} 23...
Kxb7 {[%clk 0:02:50]} 24. Re2 {[%clk 0:01:46]} 24... Rf5 {[%clk 0:02:41]} 25.
Rc1 {[%clk 0:01:41]} 25... Raf8 {[%clk 0:02:42]} 26. Rcc2 {[%clk 0:01:44]}
26... e5 {[%clk 0:02:41]} 27. Qd3 {[%clk 0:01:44]} 27... R8f7 {[%clk 0:02:30]}
28. a4 {[%clk 0:01:37]} 28... a5 {[%clk 0:02:15]} 29. Qe4+ {[%clk 0:01:33]}
29... Ka7 {[%clk 0:02:10]} 30. Kg2 {[%clk 0:01:23]} 30... d5 {[%clk 0:02:07]}
31. cxd5 {[%clk 0:01:23]} 31... Ncxd5 {[%clk 0:02:08]} 32. Red2 {[%clk 0:01:03]
} 32... h5 {[%clk 0:02:00]} 33. Qd3 {[%clk 0:00:57]} 33... Nb4 {[%clk 0:01:57]}
34. Qb5 {[%clk 0:00:58]} 34... Nxc2 {[%clk 0:01:55]} 35. Qxa5+ Kb7 36. Rxc2 {
[%clk 0:00:59]} 36... Rxf2+ {[%clk 0:01:32]} 37. Rxf2 {[%clk 0:01:00]} 37...
Rxf2+ {[%clk 0:01:34]} 38. Kh3 {[%clk 0:00:59]} 38... Rf6 {[%clk 0:01:28]} 39.
Qb5 {[%clk 0:00:58]} 39... Kc7 {[%clk 0:01:30]} 40. Qe8 {[%clk 0:00:47]} 40...
Nd7 {[%clk 0:01:29]} 41. Qxh5 {[%clk 0:00:41]} 41... e4 {[%clk 0:01:31]} 42. a5
{[%clk 0:00:29]} 42... e3 {[%clk 0:01:29]} 43. Qe8 {[%clk 0:00:12]} 43... Ra6 {
[%clk 0:01:00]} 44. Kg2 {[%clk 0:00:00]} 44... Rxa5 45. h4 0-1

[Event "alberic"]
[Site "C/Calderon de la Barca"]
[Date "2017.07.01"]
[Round "3.2"]
[White "Martinez Peiro, Gabriel"]
[Black "Fenollar Jorda, Manuel"]
[Result "1/2-1/2"]
[WhiteElo "1981"]
[BlackElo "2335"]
[PlyCount "71"]
[EventDate "2017.??.??"]

1. d4 {[%clk 0:07:05]} 1... d5 {[%clk 0:07:05]} 2. c4 {[%clk 0:07:07]} 2... c6
{[%clk 0:07:06]} 3. Nf3 {[%clk 0:07:07]} 3... Nf6 {[%clk 0:07:08]} 4. Nc3 {
[%clk 0:06:57]} 4... e6 {[%clk 0:07:09]} 5. e3 {[%clk 0:06:52]} 5... Nbd7 {
[%clk 0:07:09]} 6. Qc2 {[%clk 0:06:53]} 6... Bd6 {[%clk 0:07:10]} 7. Be2 {
[%clk 0:06:43]} 7... dxc4 {[%clk 0:06:42]} 8. Bxc4 {[%clk 0:06:42]} 8... O-O {
[%clk 0:06:06]} 9. O-O {[%clk 0:06:43]} 9... e5 {[%clk 0:05:51]} 10. Rd1 {
[%clk 0:05:02]} 10... Qe7 {[%clk 0:05:46]} 11. e4 {[%clk 0:03:13]} 11... exd4 {
[%clk 0:04:26]} 12. Nxd4 {[%clk 0:02:30]} 12... Nb6 {[%clk 0:03:51]} 13. Be2 {
[%clk 0:02:29]} 13... Re8 {[%clk 0:03:24]} 14. f3 {[%clk 0:01:35]} 14... Bc5 {
[%clk 0:02:29]} 15. Kh1 {[%clk 0:01:29]} 15... Nh5 {[%clk 0:02:13]} 16. g3 {
[%clk 0:00:28]} 16... Bh3 {[%clk 0:01:58]} 17. f4 {[%clk 0:00:16]} 17... Nf6 {
[%clk 0:01:42]} 18. Bf3 {[%clk 0:00:18]} 18... Rad8 {[%clk 0:00:42]} 19. Be3 {
[%clk 0:00:15]} 19... g6 {[%clk 0:00:28]} 20. Bg1 {[%clk 0:00:07]} 20... Bb4 {
[%clk 0:00:17]} 21. a3 {[%clk 0:00:04]} 21... Bxc3 {[%clk 0:00:19]} 22. Qxc3 {
[%clk 0:00:05]} 22... Nxe4 {[%clk 0:00:19]} 23. Qe1 {[%clk 0:00:00]} 23... f5 {
[%clk 0:00:15]} 24. Qb4 {[%clk 0:00:02]} 24... Qf7 {[%clk 0:00:10]} 25. Qa5 {
[%clk 0:00:06]} 25... Nd5 {[%clk 0:00:06]} 26. Qxa7 {[%clk 0:00:09]} 26... Re7
{[%clk 0:00:03]} 27. Qa5 {[%clk 0:00:12]} 27... Rde8 {[%clk 0:00:02]} 28. Bxe4
{[%clk 0:00:16]} 28... Rxe4 {[%clk 0:00:00]} 29. Nf3 {[%clk 0:00:20]} 29... Re2
30. Bc5 {[%clk 0:00:28]} 30... Bg2+ {[%clk 0:00:09]} 31. Kg1 {[%clk 0:00:29]}
31... Bxf3 {[%clk 0:00:09]} 32. Re1 {[%clk 0:00:33]} 32... Rg2+ {[%clk 0:00:11]
} 33. Kf1 {[%clk 0:00:35]} 33... Re6 {[%clk 0:00:11]} 34. Qd8+ {[%clk 0:00:38]}
34... Kg7 {[%clk 0:00:13]} 35. Rxe6 {[%clk 0:00:41]} 35... Ne7 {[%clk 0:07:03]}
36. Rxe7 {[%clk 0:00:44]} 1/2-1/2

[Event "alberic"]
[Site "C/Calderon de la Barca"]
[Date "2017.07.01"]
[Round "3.3"]
[White "Garcia, Jhoel"]
[Black "Sanz Garcia, Roberto"]
[Result "1/2-1/2"]
[WhiteElo "2331"]
[BlackElo "1964"]
[PlyCount "42"]
[EventDate "2017.??.??"]

1. d4 {[%clk 0:07:04]} 1... Nf6 {[%clk 0:07:05]} 2. Nf3 {[%clk 0:06:55]} 2...
e6 {[%clk 0:07:06]} 3. c4 {[%clk 0:06:55]} 3... b6 {[%clk 0:07:08]} 4. g3 {
[%clk 0:06:57]} 4... Bb7 {[%clk 0:07:08]} 5. Bg2 {[%clk 0:06:59]} 5... h6 {
[%clk 0:06:52]} 6. O-O {[%clk 0:06:59]} 6... c5 {[%clk 0:06:34]} 7. d5 {
[%clk 0:06:34]} 7... d6 {[%clk 0:06:18]} 8. Nc3 {[%clk 0:06:32]} 8... Be7 {
[%clk 0:05:51]} 9. e4 {[%clk 0:06:11]} 9... O-O {[%clk 0:05:31]} 10. Qc2 {
[%clk 0:06:07]} 10... e5 {[%clk 0:05:16]} 11. Nh4 {[%clk 0:06:08]} 11... Bc8 {
[%clk 0:05:03]} 12. Nf5 {[%clk 0:05:32]} 12... Bxf5 {[%clk 0:05:03]} 13. exf5 {
[%clk 0:05:34]} 13... Re8 {[%clk 0:04:48]} 14. Bd2 {[%clk 0:05:06]} 14... Nbd7
{[%clk 0:04:49]} 15. Rae1 {[%clk 0:05:05]} 15... Bf8 {[%clk 0:04:50]} 16. h3 {
[%clk 0:05:06]} 16... a6 {[%clk 0:04:52]} 17. a4 {[%clk 0:05:04]} 17... Rb8 {
[%clk 0:04:47]} 18. g4 {[%clk 0:05:05]} 18... Nh7 {[%clk 0:04:42]} 19. f4 {
[%clk 0:04:58]} 19... Qh4 {[%clk 0:04:35]} 20. Ne4 {[%clk 0:03:56]} 20... Ndf6
{[%clk 0:04:14]} 21. fxe5 {[%clk 0:03:56]} 21... dxe5 {[%clk 0:04:14]} 1/2-1/2